| 000 -CABECERA |
| campo de control de longitud fija |
00915nam a2200265 u 4500 |
| 001 - NÚMERO DE CONTROL |
| campo de control |
000054562 |
| 005 - FECHA Y HORA DE LA ÚLTIMA TRANSACCIÓN |
| campo de control |
20200120222855.0 |
| 008 - DATOS DE LONGITUD FIJA--INFORMACIÓN GENERAL |
| campo de control de longitud fija |
130527s1964 sp gr 001 0 spa d |
| 041 1# - CÓDIGO DE LENGUA |
| Código de lengua del texto/banda sonora o título independiente |
|spa |
| Código de lengua del sumario o resumen |
fre |
| 082 04 - NÚMERO DE LA CLASIFICACIÓN DECIMAL DEWEY |
| Número de clasificación |
230.2 |
| Número de documento/Ítem |
N28 |
| Número de edición |
21 |
| 100 1# - ENTRADA PRINCIPAL--NOMBRE DE PERSONA |
| Nombre de persona |
Newman, John Henry, |
| Títulos y otros términos asociados al nombre |
Cardenal |
| Fechas asociadas al nombre |
1801-1890 |
| 245 10 - MENCIÓN DE TÍTULO |
| Título |
Pensamientos sobre la iglesia / |
| Mención de responsabilidad, etc. |
John Henry Newman ; textos presentados por O. Karrer ; traducción de Sebastián Fuster. |
| 250 ## - MENCIÓN DE EDICIÓN |
| Mención de edición |
1a. ed. |
| 260 ## - PUBLICACIÓN, DISTRIBUCIÓN, ETC. |
| Lugar de publicación, distribución, etc. |
Barcelona (España) : |
| Nombre del editor, distribuidor, etc. |
Estela, |
| Fecha de publicación, distribución, etc. |
1964. |
| 300 ## - DESCRIPCIÓN FÍSICA |
| Extensión |
405 p. |
| 490 #0 - MENCIÓN DE SERIE |
| Mención de serie |
Ecclesia |
| Designación de volumen o secuencia |
8 |
| 500 ## - NOTA GENERAL |
| Nota general |
Incluye índices |
| 500 ## - NOTA GENERAL |
| Nota general |
Título original : Kardinal Newman / Die Kirche |
| 504 ## - NOTA DE BIBLIOGRAFÍA, ETC. |
| Nota de bibliografía, etc. |
Incluye referencias bibliográficas. |
| 600 17 - PUNTO DE ACCESO ADICIONAL DE MATERIA--NOMBRE DE PERSONA |
| Nombre de persona |
Newman, John Henry, |
| Títulos y otros términos asociados al nombre |
Cardenal |
| Fechas asociadas al nombre |
1801-1890 |
| Subdivisión general |
Vida religiosa |
| 650 27 - PUNTO DE ACCESO ADICIONAL DE MATERIA--TÉRMINO DE MATERIA |
| Término de materia o nombre geográfico como elemento de entrada |
Iglesia |
| Fuente del encabezamiento o término |
LEMB |
| 650 17 - PUNTO DE ACCESO ADICIONAL DE MATERIA--TÉRMINO DE MATERIA |
| Término de materia o nombre geográfico como elemento de entrada |
Verdad (Teología) |
| Fuente del encabezamiento o término |
LEMB |
| 700 1# - PUNTO DE ACCESO ADICIONAL--NOMBRE DE PERSONA |
| Nombre de persona |
Karrer, |
| Títulos y otros términos asociados al nombre |
O. |
| Término indicativo de función/relación |
comp. |
| 700 1# - PUNTO DE ACCESO ADICIONAL--NOMBRE DE PERSONA |
| Nombre de persona |
Fuster, Sebastián, |
| Títulos y otros términos asociados al nombre |
O.P., |
| Término indicativo de función/relación |
tr. |